LEADER 01021nam a2200241 i 4500 001 000000163323 003 CaOOAMICUS 005 20070904000000.0 008 070904s1974 it u000 u ita u 013 $a140687 040 $aSeMil$bita 100 1 $aColombo, Giulio <1931-2018>.$0(OLS)http://semarc/name/90250 245 10$aSan Giorgio al Palazzo :$bguida descrittiva con note storiche /$cGiulio Colombo. 260 $aMilano :$bParrocchia di S. Giorgio,$c1974. 300 $a95 p. :$bricc. ill. (b/n) ;$c25 cm. 500 $aFondo Card. Giovanni Colombo. 650 4$aMilano - Chiese - San Giorgio al Palazzo.$0(OLS)http://semarc/subject/46292 850 $aSeMil 852 $aSeMil$W1$xVenegono$y1$m3O IV 20$j114618$B114618$CSeMilBibl$Z2$F127064 $81 941 1 $a3 961 $aLascito: Colombo Card. Giovanni 996 $6245$aSan Giorgio al Palazzo :$bguida descrittiva con note storiche$9(OLS)http://semarc/title/232987 996 $6260$aMilano :$bParrocchia di S. Giorgio$9(OLS)http://semarc/publisher/46035 LEADER 00925nam a2200205 i 4500 001 000000214789 003 CaOOAMICUS 005 20120803000000.0 008 120803s1930 it u000 u ita u 013 $a193661 040 $aSeMil$bita 100 1 $aCacciari, Ernesto.$0(OLS)http://semarc/name/76377 245 10$aSesto calende e la sua rinascita :$brelazione del commissario prefettizio /$cErnesto Cacciari. 260 $aSesto Calende :$bTip. L. Furlani,$c1930. 300 $a138 p., [12] c. di tav. :$bill. + [2] c. di tav. ripieg. ;$c25 cm. 650 4$aSesto Calende.$0(OLS)http://semarc/subject/11536 850 $aSeMil 852 $aSeMil$W1$xVenegono$y1$m3P II 42$j165210$B165210$CSeMilBibl$Z2$F176176 $81 996 $6245$aSesto calende e la sua rinascita :$brelazione del commissario prefettizio$9(OLS)http://semarc/title/309436 996 $6260$aSesto Calende :$bTip. L. Furlani$9(OLS)http://semarc/publisher/52872